[Event "IECG QN.1999.0.00080"]
[Site "IECG email"]
[Date "1999.09.30"]
[Round "?"]
[White "Tobey, Al E"]
[Black "Sprague, Fred"]
[Result "1-0"]
[WhiteElo "651"]
[BlackElo "800"]
[PlyCount "67"]
[EventDate "1999.09.30"]
[EventType "tourn (corr)"]
[EventRounds "6"]
[SourceTitle "Corr 2008"]
[Source "ChessBase"]
[SourceDate "2008.06.24"]
[SourceVersion "1"]
[SourceVersionDate "2008.06.24"]
[SourceQuality "1"]

1. e4 c5 2. Bc4 e6 3. Nf3 d5 4. exd5 exd5 5. Be2 Nf6 6. 0-0 Bd6 7. d4 0-0 8. Bg5 Qb6 9. b3 Ne4 10. Be3 Re8 11. a4 Bd7 12. c4 dxc4 13. bxc4 cxd4 14. Nxd4 Qb2 15. Nd2 Nxd2 16. Qxd2 Qxd2 17. Bxd2 Be5 18. Be3 Nc6 19. Rad1 Bxd4 20. Bxd4 Rxe2 21. Be3 Be6 22. Rc1 Nb4 23. c5 Rd8 24. h4 Nd3 25. Rcd1 h5 26. a5 a6 27. Bc1 Rd5 28. Be3 Rxc5 29. Bxc5 Nxc5 30. Rc1 Nb3 31. Rc7 Nxa5 32. Rc5 Nc4 33. Rxh5 f5 34. Rg5 1-0

[Event "IECG QN.1999.0.00080"]
[Site "IECG email"]
[Date "1999.09.30"]
[Round "?"]
[White "Weiler Thiessen, David"]
[Black "Sprague, Fred"]
[Result "1/2-1/2"]
[WhiteElo "800"]
[BlackElo "800"]
[PlyCount "62"]
[EventDate "1999.09.30"]
[EventType "tourn (corr)"]
[EventRounds "6"]
[SourceTitle "Corr 2008"]
[Source "ChessBase"]
[SourceDate "2008.06.24"]
[SourceVersion "1"]
[SourceVersionDate "2008.06.24"]
[SourceQuality "1"]

1. e4 c5 2. Nc3 Nc6 3. Nf3 Nf6 4. Bc4 e6 5. 0-0 Nxe4 6. Nxe4 d5 7. Bb5 dxe4 8. Ne5 Bd7 9. Nxc6 bxc6 10. Ba6 Bc8 11. Qe2 Bxa6 12. Qxa6 Qc8 13. Qa4 f5 14. d4 Rb8 15. Qxa7 Rb7 16. Qa6 cxd4 17. Bf4 Be7 18. Be5 Bf6 19. Bd6 Qd7 20. Qa8+ Bd8 21. c4 Rxb2 22. Rfb1 Rxb1+ 23. Rxb1 Qxd6 24. Rb6 0-0 25. Rxc6 Qf4 26. Qa3 Bf6 27. g3 Qe5 28. f4 exf3 29. Qxf3 Qe1+ 30. Kg2 Rd8 31. Qd3 Qe4+ 1/2-1/2